Statistics for Art -isms

Click here to take the quiz!

General Stats

  • This quiz has been taken 861 times
  • The average score is 7 of 19

Answer Stats

HintAnswer% Correct
Relationship between light and colour; free brushstrokesImpressionism
82%
Subjects are painted from sevaral angles simultaneouslyCubism
80%
Unnerving and impossible scenarios depictedSurrealism
73%
The canvas displays the artist's emotion, not the real worldExpressionism
70%
Depiction of subjects without embellishmentRealism
68%
Small dots of primary colour form the imagePointillism
56%
Pure, contrasting colours painted in block areasFauvism
46%
Glorifies modernityFuturism
43%
Elevated emotion such as fear, victory, true love; political scenesRomanticism
40%
Took inspiration from ancient Greece and RomeNeo-Classicism
37%
Non-figurative; emotional intensityAbstract Expressionism
36%
Free of decoration and emotionMinimalism
33%
A generic term for contemporary workPost-Modernism
23%
Influential in revolutionary Russia; machinery plays a roleConstructivism
22%
Takes inspiration from non-Western and prehistoric peoplesPrimitivism
20%
Bright colours and dramatic movement; opposes harmonyMannerism
10%
A branch of cubism; bright colour; abstractionOrphism
4%
Short-lived British movement; harsh and angularVorticism
4%
Also known as 'anti-anti-art'; opposes conceptual artStuckism
3%

Score Distribution

Percentile by Number Answered

Percent of People with Each Score

Your Score History

You have not taken this quiz